000 00262nam a2200097Ia 4500
001 642485
005 20250826153527.0
008 250824s9999 xx 000 0 und d
245 0 _aİVAN İLYİÇİN ÖLÜMÜ ANTİK
_cTOLSTOY
260 _bANTİK DÜNYA KLASİKLERİ
999 _c642485
_d642485